Text book of engineering graphics (Record no. 136225)

000 -LEADER
fixed length control field 00304nam a2200121Ia 4500
008 - FIXED-LENGTH DATA ELEMENTS--GENERAL INFORMATION
fixed length control field 220120s9999||||xx |||||||||||||| ||und||
082 ## - DEWEY DECIMAL CLASSIFICATION NUMBER
Classification number 604.2 GOP
100 ## - MAIN ENTRY--PERSONAL NAME
Personal name Gopalakrishna, K R
245 #0 - TITLE STATEMENT
Title Text book of engineering graphics
260 ## - PUBLICATION, DISTRIBUTION, ETC.
Name of publisher, distributor, etc. Bangalore
Date of publication, distribution, etc. 1999
300 ## - PHYSICAL DESCRIPTION
Extent 606p.
Other physical details 248
650 ## - SUBJECT ADDED ENTRY--TOPICAL TERM
Topical term or geographic name entry element PHYSICS
Holdings
Withdrawn status Lost status Damaged status Not for loan Collection code Home library Current library Date acquired Barcode Date last seen Price effective from Koha item type
        Mechanical Engineering Central Library Central Library 01/20/2022 GF84 01/20/2022 01/20/2022 Gift Books

Powered by Koha